| 000 | 00831nam a2200265 a 4500 | ||
|---|---|---|---|
| 001 | 25757 | ||
| 003 | CO-ViMGA | ||
| 008 | 141112s2004 ck r 000 u spa d | ||
| 020 | _a9789584237248 | ||
| 040 |
_aCO-ViMGA _bspa _cCO-ViMGA |
||
| 041 | _aSPA | ||
| 090 | _aP GIB3 | ||
| 100 | 1 |
_aGibran, Hajjar, 1950 - _939791 |
|
| 245 | 1 | 0 |
_aEl retorno del profeta / _cHajjar Gibran ; traducción Mercè Bolló Puerta |
| 250 | _a1a ed. | ||
| 260 |
_aBarcelona : _bCeac, _c2013 |
||
| 300 | _a128 p. : il. byn. | ||
| 500 | _aTítulo original : The return of the prophet | ||
| 650 | 1 | 4 |
_aAUTORES ESTADOUNIDENSES _9718 |
| 650 | 1 | 4 |
_aLITERATURA ESTADOUNIDENSE - SIGLO XX _92505 |
| 650 | 1 | 4 |
_aMISTICISMO - POESIA _928162 |
| 650 | 1 | 4 |
_aVIDA ESPIRITUAL - MEDITACIONES _939792 |
| 700 | 1 |
_aBolló Puerta, Mercè _939793 |
|
| 942 |
_2ddc _cBK |
||
| 999 |
_c5323 _d5323 |
||